| 000 | 00364nam a22001337a 4500 | ||
|---|---|---|---|
| 003 | OSt | ||
| 008 | 230309b |||||||| |||| 00| 0 eng d | ||
| 082 | _a327 DRP | ||
| 100 | _aDrishti Publication | ||
| 245 | _aPolitical Science and International Relations(Political theory) Book-II | ||
| 260 |
_aNew Delhi _bDrishti Publication |
||
| 300 | _a138 | ||
| 942 |
_2ddc _cREF |
||
| 999 |
_c11858 _d11858 |
||